От логарифмической линейки к компьютеру; Мы - математики

Bibliographische Detailangaben
Parent link:Мы - математики.— 2000.— С. 24-27
1. Verfasser: Пестова Н. Ф. Надежда Федосеевна
Sprache:Russisch
Veröffentlicht: 2000
Schlagworte:
Format: MixedMaterials Buchkapitel
KOHA link:https://koha.lib.tpu.ru/cgi-bin/koha/opac-detail.pl?biblionumber=191042

MARC

LEADER 00000naa2a2200000 4500
001 191042
005 20231031180526.0
035 |a (RuTPU)RU\TPU\book\208282 
090 |a 191042 
100 |a 20110201d2000 k y0rusy50 ca 
101 0 |a rus 
102 |a RU 
200 1 |a От логарифмической линейки к компьютеру  |f Н. Ф. Пестова 
463 0 |0 (RuTPU)RU\TPU\book\205289  |t Мы - математики  |o альманах  |f Томский политехнический университет (ТПУ), Кафедра высшей математики  |v С. 24-27  |d 2000  |p 88 с. 
610 1 |a высшая математика 
610 1 |a кафедры 
610 1 |a компьютеры 
610 1 |a педагогическая деятельность 
610 1 |a электронные учебные пособия 
610 1 |a труды учёных ТПУ 
700 1 |a Пестова  |b Н. Ф.  |c российский ученый  |c математик  |f 1932-  |g Надежда Федосеевна  |2 stltpush  |3 (RuTPU)RU\TPU\pers\2960 
801 1 |a RU  |b 63413507  |c 20110201 
942 |c BK